নৃবিজ্ঞান প্রথম পাঠ
| Main Author: | |
|---|---|
| Format: | Book |
| Language: | English |
| Published: |
ঢাকা:
একুশে পাবলিকেশন্স,
২০০৩
|
| Subjects: | |
| Classic Catalogue: | View this record in Classic Catalogue |
| LEADER | 00675nam a22001577a 4500 | ||
|---|---|---|---|
| 008 | 110522t xxu||||| |||| 00| 0 eng d | ||
| 999 | |c 10872 |d 10872 | ||
| 020 | |a 9847590117 | ||
| 082 | |a 306 |2 22 | ||
| 100 | |a আহমেদ, রেহনুমা |9 1224 | ||
| 245 | |a নৃবিজ্ঞান প্রথম পাঠ |c /রেহনুমা আহমেদ | ||
| 260 | |a ঢাকা: |b একুশে পাবলিকেশন্স, |c ২০০৩ | ||
| 300 | |a ৪০৪ |b ;২৭ | ||
| 650 | |a Anthropology. |9 1225 | ||
| 942 | |2 ddc |c BK | ||
| 952 | |0 0 |1 0 |2 ddc |4 0 |6 306_AHM |7 0 |9 16591 |a BRACUL |b BRACUL |c GEN |d 2011-05-22 |l 23 |m 100 |o 306 AHM |p 3010009603 |r 2024-12-19 |s 2024-12-12 |w 2011-05-22 |y BK | ||